Khoảnh khắc Ảnh phóng sự về chiến tranh Việt Nam = Photogaraph material on the Viet Nam war
v...v
Đã lưu trong:
| Tác giả chính: | |
|---|---|
| Định dạng: | Sách |
| Ngôn ngữ: | Vietnamese |
| Năm xuất bản: |
Tp. Hồ Chí Minh.
Nxb Tp. Hồ Chí Minh
2002
|
| Chủ đề: | |
| Tags: |
Thêm thẻ
Không có thẻ, Hãy là người đầu tiên gắn thẻ bản ghi này!
|
| LEADER | 01448nam a2200313 a 4500 | ||
|---|---|---|---|
| 001 | vtls000002582 | ||
| 003 | VRT | ||
| 005 | 20161012085326.0 | ||
| 008 | 041025 2000 vm g 000 vie d | ||
| 039 | 9 | |a 201211301057 |b Hanh |c 201211301054 |d Hanh |c 200812221408 |d quynh |c 200804211400 |d quynh | |
| 040 | |a TVTTHCM |e AACR2. | ||
| 082 | 0 | 4 | |a 959.7 |b Đ406c |
| 100 | 1 | |a Đoàn Công Tính | |
| 242 | |a Moment | ||
| 245 | 1 | 0 | |a Khoảnh khắc |c Đoàn Công Tính |b Ảnh phóng sự về chiến tranh Việt Nam = Photogaraph material on the Viet Nam war |
| 260 | |a Tp. Hồ Chí Minh. |b Nxb Tp. Hồ Chí Minh |c 2002 | ||
| 300 | |a 176 tr. |c 30 cm |e Tranh ảnh | ||
| 520 | |a v...v | ||
| 653 | |a Lịch sử | ||
| 653 | |a Việt Nam | ||
| 653 | |a Phóng sự ảnh | ||
| 653 | |a Chiến tranh | ||
| 700 | 0 | |a Đoàn Công Tính | |
| 942 | |2 ddc |c STK0 | ||
| 949 | |6 100001132 | ||
| 999 | |c 3163 |d 3163 | ||
| 952 | |0 0 |1 0 |2 ddc |4 0 |6 959_700000000000000_Đ406C |7 1 |8 900 |9 35381 |a qbu |b qbu |c D5 |d 2014-12-15 |g 250000 |o 959.7 Đ406C |p 4212.c1 |r 0000-00-00 |w 2014-12-15 |y STK0 |0 0 |6 959_700000000000000_Đ406C | ||
| 952 | |0 0 |1 0 |2 ddc |4 0 |6 959_700000000000000_Đ406C |7 0 |8 900 |9 35382 |a qbu |b qbu |c D5 |d 2014-12-15 |g 250000 |o 959.7 Đ406C |p 4212.c2 |r 0000-00-00 |w 2014-12-15 |y STK0 |0 0 |6 959_700000000000000_Đ406C | ||
| 952 | |0 0 |1 0 |2 ddc |4 0 |6 959_700000000000000_Đ406C |7 0 |8 900 |9 35383 |a qbu |b qbu |c D5 |d 2014-12-15 |g 250000 |o 959.7 Đ406C |p 4212.c3 |r 0000-00-00 |w 2014-12-15 |y STK0 |0 0 |6 959_700000000000000_Đ406C | ||